| 000 | 02363ncm0a2200433 4500 | ||
|---|---|---|---|
| 001 | RU\NLR\ONIZ\265084 | ||
| 005 | 20250624121855.0 | ||
| 013 | _a979-0-66006-010-0 | ||
| 021 |
_aRU _b2020-000126 _92020-НО-П-0010 |
||
| 035 | _a(NLR Aleph) 012698197 | ||
| 071 | 3 | 0 | _aMZ 08168 |
| 090 |
_a12869221 _c12869221 |
||
| 100 | _a20140611d2012 |||y0rusy50 ca | ||
| 101 | 0 | _arus | |
| 102 | _aRU | ||
| 125 | _aax | ||
| 128 | _apf | ||
| 145 | 0 | _ab | |
| 200 | 1 |
_aХорошо темперированный клавир _bНоты _dThe well tempered clavier _hЧ. 1 _fИ. С. Бах _gредакция и примечания Б. Муджелини _zeng |
|
| 203 |
_aМузыка _bзнаковая _bвизуальная _cнепосредственная |
||
| 210 |
_aМосква _cМузыка _gИПК "Чувашия" _eЧебоксары _dcop. 2012 |
||
| 215 |
_a119 с. _d29 см |
||
| 313 | _aСистематизация документа проведена по изданию - Методика классифицирования музыкальных произведений (нотных изданий) по таблицам Библиотечно-библиографических классификаций : метод. рекомендации / Гос. б-ка СССР им. В.И. Ленина.- М., 1977. Индексу ББК методических рекомендаций присваивается код ББК для научных библиотек - LBC/SL | ||
| 606 | 1 |
_aПолифоническая музыка для клавира _yГермания _z17-18 вв. _jНоты _2nlr_sh |
|
| 606 | 1 |
_aПрелюдии и фуги для клавира _yГермания _z18 век _jНоты _2nlr_sh |
|
| 686 | 0 | _aЩ954.2-045я44(4Г) | |
| 700 | 1 |
_9z01790 _aБах _bИ. С. _f1685-1750 _gИоганн Себастьян _4230 _7ca |
|
| 702 | 1 |
_9z01790 _aМуджеллини _bБ. _f1871-1912 _gБруно _4340 |
|
| 790 | 1 |
_9z01700 _aBach _bJ. S. _f1685-1750 _gJohann Sebastian _4230 _7ba |
|
| 790 | 1 |
_9z01702 _aMugellini _bB. _f1871-1912 _gBruno _4340 |
|
| 801 | 0 |
_aRU _bNLR _c20140611 _gPSBO |
|
| 801 | 1 |
_aRU _bNLR _c20140611 _2rusmarc |
|
| 801 | 2 |
_aRU _bNLR _c20211223 |
|
| 852 |
_aNLR _bМ _j3/12180(1) _pМОЭ 44753 _t1 |
||
| 852 |
_aNLR _bМ _j3/12180(1)а _pМОЭ 44754 _t2 |
||
| 942 | _cSCORE | ||
| 980 | _aNB | ||
| 980 | _aONIZ | ||